[Event "22nd ECU Club Cup"]
[Site "Feugen AUT"]
[Date "2006.10.09"]
[Round "2"]
[White "Volodin,Alek"]
[Black "McPhillips,K"]
[Result "1/2-1/2"]
[WhiteElo "2339"]
[BlackElo "2208"]

1.d4 d5 2.c4 Nc6 3.cxd5 Qxd5 4.e3 e5 5.Nc3 Bb4 6.Bd2 Bxc3 7.bxc3 Nf6 8.c4 Qd6
9.d5 Ne7 10.Qb1 O-O 11.Nf3 c6 12.Bb4 c5 13.Bc3 Ng6 14.Bd3 Re8 15.Ng5 Rb8
16.a4 b6 17.O-O a6 18.f4 exf4 19.exf4 Bg4 20.Bxg6 hxg6 21.Be5 Rxe5 22.fxe5 Qxe5
23.Qc1 Be2 24.Nf3 Bxf3 25.Rxf3 Ng4 26.Rf4 f5 27.Rb1 g5 28.Rxg4 fxg4 29.Qd2 Qf4
30.Qd3 b5 31.axb5 axb5 32.g3 Qe5 33.cxb5 c4 34.Qd2 c3 35.Qd3 Rf8 36.Rf1 Rf3
37.Rxf3 gxf3 38.Kf2 g4 39.b6 c2 40.Qxc2 Qd4+ 41.Kf1 Qa1+ 42.Kf2 Qd4+ 43.Kf1 Qxb6
44.Qc8+ Kh7 45.Qxg4 Qb5+ 46.Kg1 Qc5+ 47.Kf1 Qb5+ 48.Kg1  1/2-1/2

[Event "22nd ECU Club Cup"]
[Site "Feugen AUT"]
[Date "2006.10.10"]
[Round "3"]
[White "Ogaard,L"]
[Black "Fercec,N"]
[Result "1/2-1/2"]
[WhiteElo "2395"]
[BlackElo "2504"]

1.d4 d5 2.c4 Nc6 3.Nc3 dxc4 4.Nf3 Nf6 5.e3 e5 6.Bxc4 exd4 7.exd4 Bd6 8.Qe2+ Qe7
9.Qxe7+ Nxe7 10.O-O h6 11.Re1 O-O 12.Ne5 Be6 13.Bxe6 fxe6 14.Nc4 Kf7 15.Nb5 Bb4
16.Re2 Ned5 17.Ne5+ Kg8 18.Nd3 Ba5 19.Nc5 a6 20.Na3 b5 21.Bd2 Bxd2 22.Rxd2 Rfe8
23.Re1 Re7 24.g3 Nd7 25.Rxe6 Rxe6 26.Nxe6 Re8 27.Nc5 Nxc5 28.dxc5 Nb4 29.Nc2 Nxa2  1/2-1/2

[Event "WJun"]
[Site "Yerevan ARM"]
[Date "2006.10.11"]
[Round "8"]
[White "Margvelashvili,G"]
[Black "Hambartsumian,Y"]
[Result "0-1"]
[WhiteElo "2456"]
[BlackElo "2305"]

1.d4 d5 2.c4 Nc6 3.Nf3 Bg4 4.Bf4 Bxf3 5.gxf3 e6 6.e3 Bb4+ 7.Nc3 Nge7 8.Qc2 Ng6
9.Bg3 O-O 10.O-O-O Rc8 11.Kb1 Bxc3 12.Qxc3 Nce7 13.Qb3 b6 14.cxd5 Nxd5 15.Ba6 Rb8
16.Bc4 Nf6 17.Qb5 Rc8 18.Qa4 a5 19.Ba6 Ra8 20.Bd3 Qe7 21.Rc1 Rfc8 22.Rc6 Nd5
23.Rhc1 Qf6 24.Be4 Nge7 25.R6c2 c6 26.Bd6 b5 27.Qa3 b4 28.Qd3 Qh4 29.Bxd5 Nxd5
30.e4 Ne7 31.d5 exd5 32.exd5 Rd8 33.Bxe7 Qxe7 34.Rxc6 g6 35.d6 Qe6 36.Qd4 a4
37.Qxb4 a3 38.b3 Rab8 39.Qd4 Rb5 40.Rd1 Re5 41.d7 Qf5+ 42.Qd3 Rxd7 43.Qxf5 Rxd1+
44.Kc2 Rxf5 45.Kxd1 Rxf3 46.Ke2 Rh3 47.Ra6 Rxh2 48.Rxa3 Rh1 49.Ra8+ Kg7 50.a4 h5
51.b4 h4 52.f3 Rb1 53.Kf2 Rb2+ 54.Kg1 Rxb4 55.a5 Rb2 56.a6 Ra2 57.Ra7 g5
58.Ra8 f5 59.Ra7+ Kf6 60.Ra8 Ke5  0-1

[Event "22nd ECU Club Cup"]
[Site "Feugen AUT"]
[Date "2006.10.12"]
[Round "5"]
[White "Quaranta,C"]
[Black "Rocius,M"]
[Result "1/2-1/2"]
[WhiteElo "2086"]
[BlackElo "2208"]

1.d4 d5 2.c4 Nc6 3.cxd5 Qxd5 4.e3 e5 5.Nc3 Bb4 6.Bd2 Bxc3 7.bxc3 exd4 8.cxd4 Nf6
9.Qf3 O-O 10.Qxd5 Nxd5 11.Bd3 Re8 12.Ne2 Ncb4 13.Bb1 Na6 14.O-O c5 15.Nc3 Nxc3
16.Bxc3 cxd4 17.Bxd4 Nb4 18.e4 Be6 19.Bc5 Nc6 20.f4 Rad8 21.e5 Rd2 22.h3 Bd5
23.Rf2 Rd1+ 24.Rf1 Rd2 25.Rf2 Rd1+ 26.Rf1 Rd2 27.Rf2  1/2-1/2

[Event "Open"]
[Site "Winterthur SUI"]
[Date "2006.10.12"]
[Round "7"]
[White "Malakhatko,V"]
[Black "Eschmann,P"]
[Result "1-0"]
[WhiteElo "2617"]
[BlackElo "2195"]

1.d4 d5 2.c4 Nc6 3.cxd5 Qxd5 4.e3 e5 5.Nc3 Bb4 6.Bd2 Bxc3 7.bxc3 Qd6 8.Qb1 Nge7
9.Bd3 b6 10.Ne2 Be6 11.f4 Rd8 12.O-O Bg4 13.Rf2 Bxe2 14.Bxe2 exd4 15.cxd4 O-O
16.Qc2 Nd5 17.Rc1 Ncb4 18.Qc4 c5 19.e4 Ne7 20.d5 Nbc6 21.Bc3 Nb8 22.Rd1 Kh8
23.e5 Qxd5 24.Rxd5 Nxd5 25.Bb2 Nc6 26.Qe4 Nde7 27.f5 Nd4 28.f6 gxf6 29.Rxf6 Ng6
30.Bh5 Kg7 31.Bxg6 hxg6 32.Rd6 Ne6 33.Qf3 Kg8 34.Qf6 Rfe8 35.h4 Kf8 36.Bc1  1-0

[Event "22nd ECU Club Cup"]
[Site "Feugen AUT"]
[Date "2006.10.13"]
[Round "6"]
[White "Gnichtel,G"]
[Black "McPhillips,K"]
[Result "1-0"]
[WhiteElo "2217"]
[BlackElo "2208"]

1.d4 d5 2.c4 Nc6 3.Nf3 Bg4 4.cxd5 Bxf3 5.gxf3 Qxd5 6.e3 e5 7.Nc3 Bb4 8.Bd2 Bxc3
9.bxc3 Qd6 10.Rb1 b6 11.f4 exf4 12.e4 Nge7 13.Qf3 Qa3 14.Qxf4 O-O 15.Bc4 Ng6
16.Qxc7 Rac8 17.Bxf7+ Kh8 18.Qb7 Nge7 19.Be6 Rb8 20.Qc7 Nxd4 21.Bc1 Qa5 22.O-O Nxe6
23.Qxe7 Nf4 24.Bxf4 Rxf4 25.Rbd1 h6 26.Rd8+ Rxd8 27.Qxd8+ Kh7 28.Qd3 Qe5
29.f3 Rh4 30.Rf2 h5 31.Rg2 Rf4 32.Kf2 h4 33.Qd4 Qe7 34.Qd5 g6 35.Rg1 Qf8
36.Qd7+ Kh6 37.Qd2 g5 38.Qe3 Kh5 39.Ke2 Qa3 40.Qd2 Qa6+ 41.Ke3 Qc4 42.Qd4 Qe6
43.Rxg5+ Kxg5 44.Qg7+ Kh5 45.Kxf4  1-0

[Event "IRT5"]
[Site "Sao Paulo BRA"]
[Date "2006.10.13"]
[Round "3"]
[White "Catozzo,V"]
[Black "Galati,M"]
[Result "1/2-1/2"]
[WhiteElo "2057"]
[BlackElo "2206"]

1.d4 d5 2.c4 Nc6 3.Nf3 Bg4 4.e3 e5 5.cxd5 Qxd5 6.Nc3 Bb4 7.Be2 exd4 8.exd4 Nf6
9.O-O Bxc3 10.bxc3 O-O 11.h3 Bh5 12.Bf4 Qa5 13.Qb3 Rab8 14.Rfe1 Rfe8 15.Ne5 Nxe5
16.Bxh5 Ng6 17.Bxg6 hxg6 18.Rad1 Nd5 19.Bd2 Nb6 20.Bf4 Nd5 21.Bd2 Nf6 22.Bf4 Ne4
23.Rd3 Nf6  1/2-1/2

[Event "22nd ECU Club Cup"]
[Site "Feugen AUT"]
[Date "2006.10.14"]
[Round "7"]
[White "Vaganian,R"]
[Black "Fercec,N"]
[Result "1-0"]
[WhiteElo "2587"]
[BlackElo "2504"]

1.d4 d5 2.c4 Nc6 3.Nc3 dxc4 4.Nf3 Nf6 5.Bg5 Nd5 6.e4 Nxc3 7.bxc3 g6 8.Bxc4 Bg7
9.Qd2 Na5 10.Be2 Bg4 11.Bh6 O-O 12.h4 Qd6 13.h5 Bxh6 14.Qxh6 gxh5 15.Qg5+  1-0

[Event "TCh-BEL 2006-7"]
[Site "Belgium BEL"]
[Date "2006.10.22"]
[Round "2"]
[White "Van der Stricht,G"]
[Black "Zaragatski,I"]
[Result "0-1"]
[WhiteElo "2407"]
[BlackElo "2400"]

1.d4 d5 2.c4 Nc6 3.Nc3 dxc4 4.Nf3 Nf6 5.e4 Bg4 6.Be3 e6 7.Bxc4 Bb4 8.Qc2 O-O
9.Rd1 Bxf3 10.gxf3 Nh5 11.O-O Qh4 12.Kh1 Bd6 13.e5 Bxe5 14.dxe5 Qxc4 15.Rg1 Qh4
16.Rg4 Qh3 17.Qe4 f5 18.Rh4 fxe4 19.Rxh3 Nf4 20.Rh4 Ng6 21.Rxe4 Rxf3 22.Kg2 Rff8
23.Nb5 Rf7 24.Rc1 Rd7 25.Nd4 Nxd4 26.Bxd4 Ne7 27.Be3 Nf5 28.Rc2 a6 29.b4 c6
30.Bb6 h6 31.Ree2 Rf8 32.Red2 Rff7 33.Bc5 g5 34.Rxd7 Rxd7 35.f4 g4 36.h3 h5
37.hxg4 hxg4 38.a4 Rd3 39.b5 axb5 40.axb5 cxb5 41.Bf2 Kg7 42.Rc7+ Kg6 43.Rxb7 Rd2
44.Kf1 g3 45.Bc5 Nh4  0-1

[Event "WYB18"]
[Site "Batumi GEO"]
[Date "2006.10.23"]
[Round "6"]
[White "Vanderhallen,N"]
[Black "Banawa,Joe"]
[Result "1/2-1/2"]
[WhiteElo "2175"]
[BlackElo "2282"]

1.d4 d5 2.c4 Nc6 3.cxd5 Qxd5 4.e3 e5 5.Nc3 Bb4 6.Bd2 Bxc3 7.Bxc3 exd4 8.Ne2 Bg4
9.f3 Be6 10.Nxd4 O-O-O 11.Qa4 Nge7 12.Nxc6 Nxc6 13.Qb5 Qd6 14.Be2 a6 15.Qg5 h6
16.Qg3 Qc5 17.Qf2 Rhg8 18.O-O Bc4 19.e4 Nd4 20.Bxc4 Qxc4 21.Rfe1 Rd7 22.Bxd4 Qxd4
23.Qxd4 Rxd4 24.Rad1 Rgd8 25.Rxd4 Rxd4  1/2-1/2

[Event "10th OIBM"]
[Site "Bad Wiessee GER"]
[Date "2006.11.06"]
[Round "3"]
[White "Bogdanov,Val"]
[Black "Moiseenko,A1"]
[Result "0-1"]
[WhiteElo "2395"]
[BlackElo "2632"]

1.d4 d5 2.c4 Nc6 3.Nf3 Bg4 4.Nc3 e6 5.cxd5 exd5 6.Bf4 Bxf3 7.gxf3 Bd6 8.Bg3 Nge7
9.e3 Qd7 10.Bd3 Nd8 11.Qc2 Ne6 12.Bxd6 Qxd6 13.O-O-O O-O-O 14.f4 Kb8 15.Kb1 g6
16.Rc1 Rc8 17.Qa4 c6 18.Rc2 Rhe8 19.Rhc1 Rc7 20.a3 Nc8 21.Na2 Nb6 22.Qb4 Qxb4
23.Nxb4 Nc8 24.f5 gxf5 25.Bxf5 Nd6 26.Bxe6 fxe6 27.Rg1 e5 28.dxe5 Rxe5 29.Nd3 Re8
30.Rcc1 Rf7 31.Rg2 Kc7 32.Rcg1 Ree7 33.Kc2 Nf5 34.Rg4 Ng7 35.R1g2 Kd6 36.Kd2 Ne6
37.Rh4 Rf6 38.Rh5 c5 39.Rh4 c4 40.Nb4 Ref7 41.f4 d4 42.exd4 Rxf4 43.Rxf4 Rxf4
44.Nc2 Rf3 45.Rg3 Rf2+ 46.Kc3 Nf4  0-1

[Event "TCh-ROM Divizia A Masculin"]
[Site "Predeal ROM"]
[Date "2006.11.10"]
[Round "7"]
[White "Gleizerov,E"]
[Black "Varga,Zo"]
[Result "1/2-1/2"]
[WhiteElo "2560"]
[BlackElo "2508"]

1.d4 d5 2.c4 Nc6 3.Nc3 dxc4 4.e3 e5 5.Nf3 exd4 6.exd4 Bd6 7.Bxc4 Nf6 8.O-O O-O
9.h3 h6 10.Qc2 Nb4 11.Qb1 Be6 12.Bxe6 fxe6 13.Bd2 Qd7 14.Ne4  1/2-1/2

[Event "10th OIBM"]
[Site "Bad Wiessee GER"]
[Date "2006.11.12"]
[Round "9"]
[White "Wiley,To"]
[Black "Karpatchev,A"]
[Result "0-1"]
[WhiteElo "2335"]
[BlackElo "2515"]

1.d4 d5 2.c4 Nc6 3.Nc3 dxc4 4.Nf3 Nf6 5.e4 Bg4 6.Be3 e6 7.Bxc4 Bb4 8.Qd3 a6
9.a3 Bxc3+ 10.bxc3 Bxf3 11.gxf3 b5 12.Ba2 Ne5 13.Qe2 Ng6 14.a4 c6 15.Bb3 O-O
16.c4 Qe7 17.O-O Nh5 18.Kh1 Nhf4 19.Bxf4 Nxf4 20.Qe3 e5 21.Rg1 Rad8 22.Rad1 Qf6
23.dxe5 Qxe5 24.cxb5 cxb5 25.axb5 axb5 26.Rg4 Rxd1+ 27.Bxd1 g5 28.Bb3 Ra8
29.Rg1 Ra1 30.Bd1 h6 31.h4 Rxd1 32.Rxd1 Qe6  0-1

[Event "1st Magistral Endesa"]
[Site "Santiago CHI"]
[Date "2006.11.20"]
[Round "5"]
[White "Hellsten,J"]
[Black "Rojas,L"]
[Result "0-1"]
[WhiteElo "2592"]
[BlackElo "2430"]

1.d4 d5 2.c4 Nc6 3.Nf3 Bg4 4.Nc3 e6 5.Bg5 Be7 6.Bxe7 Ngxe7 7.e3 O-O 8.Bd3 h6
9.cxd5 Nxd5 10.Be4 Nce7 11.Qb3 Qd6 12.Ne5 Bf5 13.Bxd5 exd5 14.O-O c6 15.Rfc1 b6
16.Ne2 c5 17.Qa3 Rfd8 18.b3 Rac8 19.Nc3 a5 20.Qb2 Nc6 21.Nxc6 Rxc6 22.dxc5 bxc5
23.Rd1 Qf6 24.Rac1 d4 25.Na4 Rd5 26.Qe2 d3 27.Qf3 Qe6 28.Nc3 Rd8 29.Rd2 c4
30.e4 cxb3 31.exf5 Rxc3 32.fxe6 Rxc1+ 33.Rd1 b2 34.e7 Re8 35.Qxd3 Rxe7 36.Qd8+ Kh7
37.Qd3+ g6 38.Kf1 Rb7  0-1

[Event "19th Belgrade Trophy"]
[Site "Belgrade SRB"]
[Date "2006.11.24"]
[Round "3"]
[White "Miladinovic,I"]
[Black "Vojinovic,J"]
[Result "1-0"]
[WhiteElo "2598"]
[BlackElo "2115"]

1.d4 d5 2.c4 Nc6 3.Nf3 Bg4 4.cxd5 Bxf3 5.gxf3 Qxd5 6.e3 e6 7.Nc3 Qh5 8.f4 Qxd1+
9.Kxd1 O-O-O 10.Bd2 Nce7 11.Rc1 c6 12.b4 Nf6 13.b5 h6 14.Bg2 Kb8 15.bxc6 Nxc6
16.Rb1 Kc8 17.Ke2 g5 18.f5 Bd6 19.Rhc1 Bb8 20.fxe6 fxe6 21.Na4  1-0

[Event "ch-ROM"]
[Site "Predeal ROM"]
[Date "2006.11.29"]
[Round "3"]
[White "Grigore,Ge"]
[Black "Dragomirescu,C"]
[Result "1-0"]
[WhiteElo "2480"]
[BlackElo "2247"]

1.d4 d5 2.c4 Nc6 3.cxd5 Qxd5 4.e3 e5 5.Nc3 Bb4 6.Bd2 Bxc3 7.bxc3 Nf6 8.Qb3 Qd6
9.Bc1 Be6 10.Ba3 Bxb3 11.Bxd6 cxd6 12.axb3 O-O 13.Bd3 exd4 14.exd4 Nd5 15.Ne2 Rfe8
16.Kd2 a5 17.Ng3 g6 18.Ne4 Red8 19.Bc4 Nf4 20.Nf6+ Kg7 21.Nd5 Nxd5 22.Bxd5 Ra7
23.Ra2 Ne7 24.Bf3 b6 25.b4 d5 26.bxa5 bxa5 27.Rb1 Rdd7 28.Rb5 a4 29.Bd1 a3
30.Rb3 Nf5 31.Bg4 Kf6 32.Rbxa3 Rxa3 33.Rxa3 Rb7 34.Ra6+ Kg5 35.Bf3 Rb5 36.Kc2 Ne7
37.Rd6 h5 38.g3 Ra5 39.h4+ Kh6 40.Kd3 Rb5 41.Be2 Nc8 42.Rc6 Ne7 43.Ra6 Rb7
44.f3 Ng8 45.Ke3 Re7+ 46.Kf2 Re6 47.Ra5 Ne7 48.c4 Rb6 49.c5 Re6 50.Bb5 Nc6
51.Bxc6 Rxc6 52.Ra8 f6 53.Rd8 Re6 54.g4 Ra6 55.gxh5 gxh5 56.Kg3  1-0

[Event "19th Belgrade Trophy"]
[Site "Belgrade SRB"]
[Date "2006.11.30"]
[Round "9"]
[White "Likavsky,T"]
[Black "Miladinovic,I"]
[Result "0-1"]
[WhiteElo "2480"]
[BlackElo "2598"]

1.d4 d5 2.c4 Nc6 3.Nc3 Nf6 4.cxd5 Nxd5 5.Nf3 Bf5 6.Bg5 f6 7.Bh4 h5 8.Bg3 e5
9.dxe5 Bb4 10.Qc1 Qe7 11.Nd2 Bxc3 12.bxc3 h4 13.e4 hxg3 14.fxg3 Qxe5 15.Bb5 Nxc3  0-1

[Event "Open A"]
[Site "Benidorm ESP"]
[Date "2006.12.07"]
[Round "7"]
[White "Fokin,Se RUS"]
[Black "Rodriguez Fontecha,M"]
[Result "0-1"]
[WhiteElo "2157"]
[BlackElo "2200"]

1.d4 d5 2.c4 Nc6 3.Nf3 e5 4.dxe5 Bb4+ 5.Bd2 dxc4 6.Qa4 Qe7 7.e3 Bd7 8.Bxc4 Bxd2+
9.Nbxd2 Nxe5 10.Bb5 Nd3+ 11.Ke2 Rd8 12.Bxd7+ Rxd7 13.Qxa7 Nf6 14.Qa8+ Rd8
15.Qa4+ c6 16.Qa3 Nb4 17.Rhc1 O-O 18.Rc4 c5 19.Qa7 Nd3 20.Kf1 Rfe8 21.b4 Ra8
22.Qb6 Nd5 23.Qb5 Nxe3+ 24.Kg1 Nxc4 25.Qxc4 Nxb4 26.a3 Qe2 27.Qc3 Nd3 28.Rf1 b5
29.h4 Ra4 30.Qb3 Rg4 31.g3 Nxf2 32.Re1 Rxg3+ 33.Kh2 Qxe1 34.Kxg3 Ra8 35.Qd1 Qg1+
36.Nxg1  0-1

[Event "6th Amplico AIG Life"]
[Site "Warsaw POL"]
[Date "2006.12.16"]
[Round "8"]
[White "Sumets,A"]
[Black "Kukawski,M"]
[Result "1-0"]
[WhiteElo "2523"]
[BlackElo "2293"]

1.d4 d5 2.c4 Nc6 3.Nf3 Bg4 4.Nc3 e6 5.cxd5 exd5 6.Qb3 Bxf3 7.exf3 Nxd4 8.Qa4+ Nc6
9.Ba6 Qe7+ 10.Kf1 Qb4 11.Qxb4 Nxb4 12.Bxb7 Rd8 13.a3 Nc2 14.Rb1 Bd6 15.Bc6+ Kf8
16.Bxd5 Be5 17.Be4 Nxa3 18.bxa3 Bxc3 19.Ke2 Ba5 20.Rb7 Nf6 21.Be3 Nxe4 22.fxe4 Ke7
23.Rxa7 Ra8 24.Rxa8 Rxa8 25.Rb1 Bb6 26.Bxb6 cxb6 27.Rb3 Ra4 28.Ke3 h5 29.Kf4 g6
30.f3 Ra5 31.h4 Kf8 32.Ke3 Ke7 33.Kd4 Kd7 34.Kc4 Kc6 35.Kd4 Kd7 36.g4 hxg4
37.fxg4 f5 38.exf5 gxf5 39.g5 Ra4+ 40.Ke5 Rxh4 41.Kf6 Rh8  1-0

[Event "6th Amplico AIG Life"]
[Site "Warsaw POL"]
[Date "2006.12.17"]
[Round "12"]
[White "Socko,M"]
[Black "Kukawski,M"]
[Result "0-1"]
[WhiteElo "2473"]
[BlackElo "2293"]

1.d4 d5 2.c4 Nc6 3.cxd5 Qxd5 4.e3 e5 5.Nc3 Bb4 6.Bd2 Bxc3 7.bxc3 Nf6 8.f3 O-O
9.c4 Qd6 10.d5 Ne7 11.Qb3 a5 12.e4 Nd7 13.g4 c6 14.Ne2 b5 15.dxc6 Nc5 16.Qe3 Nd3+
17.Kd1 Nb2+ 18.Kc1 Nxc4 19.Qc3 Rd8 20.c7 Rd7 21.Ng3 Nxd2 22.Kb2 Rxc7 23.Qe3 Qb4+  0-1

[Event "44th National A ch-IND"]
[Site "Atul IND"]
[Date "2006.12.26"]
[Round "10"]
[White "Gupta,Ab"]
[Black "Palit,S"]
[Result "1/2-1/2"]
[WhiteElo "2481"]
[BlackElo "2306"]

1.d4 d5 2.c4 Nc6 3.Nc3 dxc4 4.d5 Ne5 5.f4 Ng6 6.e4 e5 7.f5 Nf4 8.Nf3 Bd6
9.Bxf4 exf4 10.Bxc4 Nh6 11.e5 Bc5 12.Qa4+ Bd7 13.Bb5 a6 14.Bxd7+ Qxd7 15.Qc4 Be3
16.e6 Qe7 17.d6 Qxd6 18.Rd1 Qc6 19.Qxc6+ bxc6 20.Rd7 O-O 21.e7 Rfe8 22.Ne5 Nxf5
23.Nxc6 Bc5 24.Nd5 Nxe7 25.Ncxe7+ Bxe7 26.Nxc7 Bh4+ 27.Kd2 Rad8  1/2-1/2

[Event "Masters"]
[Site "Singapore SIN"]
[Date "2006.12.27"]
[Round "3"]
[White "Soon,W"]
[Black "Wang Yu A"]
[Result "0-1"]
[WhiteElo "2046"]
[BlackElo "2389"]

1.d4 d5 2.c4 Nc6 3.Nf3 Bg4 4.Nc3 e6 5.e3 Nf6 6.Qb3 Bxf3 7.gxf3 Bb4 8.a3 Bxc3+
9.bxc3 Na5 10.Qa4+ c6 11.cxd5 exd5 12.Qb4 Qb6 13.Qd6 Qd8 14.Qe5+ Qe7 15.Qxe7+ Kxe7
16.a4 Kd7 17.Rg1 g6 18.Bh3+ Kc7 19.Rb1 Rhe8 20.Ke2 b6 21.Kd3 Rad8 22.Re1 Nd7
23.Kc2 f5 24.e4 Nc4 25.Bf4+ Kc8 26.Kd3 fxe4+ 27.fxe4 Rf8 28.Bg3 Rf3+ 29.Ke2 dxe4
30.Bg2 Rxc3 31.Rbc1 Rxc1 32.Rxc1 Na5 33.Bxe4 c5 34.dxc5 Nxc5 35.Bg2 Nb3 36.Rc3 Nd4+
37.Kf1 Nf5 38.Bf4 Rd4 39.Be3 Nxe3+ 40.Rxe3 Kd8 41.Bc6 Kc7 42.Bb5 a6 43.Be2 Kd8
44.Rh3 h5 45.Rg3 Rd6 46.Rg5 a5 47.Bb5 Ke7 48.Re5+ Ne6 49.Re3 g5 50.h4 Kf6
51.hxg5+ Nxg5 52.Re8 Ne6 53.Kg2 Nc7 54.Rf8+ Kg7 55.Rf5 Rd5 56.Rxd5 Nxd5 57.Kg3 Kh6
58.Bc6 Ne7 59.Be4 Kg5 60.f4+ Kf6 61.Kf3 Nf5 62.Kf2 Nd4 63.Ke3 Ne6 64.Bc6 h4
65.Kd3 Nxf4+ 66.Kc4 Ke5 67.Kb5 Nd5 68.Bd7 Kd6 69.Bg4 Kc7  0-1

[Event "Hilton Open"]
[Site "Basel SUI"]
[Date "2007.01.02"]
[Round "2"]
[White "Cebalo,M"]
[Black "Bhend,E"]
[Result "1/2-1/2"]
[WhiteElo "2471"]
[BlackElo "2268"]

1.d4 d5 2.c4 Nc6 3.Nf3 Bg4 4.Nc3 e6 5.cxd5 exd5 6.Bf4 Bb4 7.e3 Nge7 8.Be2 O-O
9.h3 Bxf3 10.Bxf3 Ng6 11.Bh2 Bxc3+ 12.bxc3 Na5 13.O-O f5 14.Rb1 b6 15.Be2 c6
16.a4 Qd7 17.Bd3 Rf6 18.Be5 Nxe5 19.dxe5 Rf7 20.f4 Qe6 21.Qe2 Kh8 22.Rfc1 g5
23.c4 gxf4 24.exf4 Rg8 25.Rc2 Nb7 26.cxd5 cxd5 27.a5 Nc5 28.axb6 axb6 29.Qf3 Rfg7
30.Bf1 Rg3 31.Qh5 R3g6 32.Rbb2 Qf7 33.Qe2 Qe7 34.Qd2 Rd8 35.Rb4 Ne6 36.Rc1 Qa7
37.Kh2 Qa3 38.Qc3 Qxc3 39.Rxc3 d4 40.Rf3 Nc5 41.Bd3 Rdg8 42.g3 Ne4 43.Rxd4 Nxg3
44.Rd6 Nh5 45.Rxg6 hxg6 46.Bb5 Kg7 47.Rd3 Nxf4 48.Rd7+ Kh6 49.Rd6 Kg5 50.Kg3 Rh8
51.Bf1 Rh4 52.Rxb6 Nh5+ 53.Kh2 Re4 54.Rb5 Nf4 55.Rc5 Re3 56.Rc4 Rxe5 57.Ra4 Re4
58.Rxe4 fxe4 59.Kg3 Nh5+ 60.Kf2 Kf4 61.Bb5 g5 62.Bd7 Ng3 63.Bb5 Nf5 64.Ba6 Nd4
65.Bc4 e3+ 66.Kg2 Nf3 67.Be2 Ne5 68.Kh2 Ng6 69.Kg2 Nh4+ 70.Kh2 Nf5 71.Kg2 Ke4
72.Bg4 Nd4 73.Kg3 Nf5+ 74.Bxf5+ Kxf5 75.Kf3  1/2-1/2

[Event "Hilton Open"]
[Site "Basel SUI"]
[Date "2007.01.04"]
[Round "4"]
[White "Ditzler,J"]
[Black "Stankovic,Ze"]
[Result "0-1"]
[WhiteElo "2114"]
[BlackElo "2223"]

1.d4 d5 2.c4 Nc6 3.cxd5 Qxd5 4.Nf3 e5 5.Nc3 Bb4 6.Bd2 Bxc3 7.Bxc3 e4 8.Nd2 Nf6
9.e3 O-O 10.Bc4 Qg5 11.g3 Bg4 12.h4 Qf5 13.Be2 Rad8 14.Bxg4 Nxg4 15.Qe2 h5
16.Kf1 Rfe8 17.Kg2 Ne7 18.Rhf1 Nd5 19.Rac1 Re6 20.Nc4 Rg6 21.Ne5 Nxe5 22.dxe5 Nxc3
23.Rxc3 Qxe5 24.Rfc1 Rgd6 25.Rc5 Rd5 26.Rd1 c6 27.Rd4 R8d6 28.Rcxd5 Rxd5
29.Rb4 Rb5 30.Rxb5 Qxb5 31.Qxb5 cxb5 32.b4 Kf8 33.f3 exf3+ 34.Kxf3 Ke7 35.Kf4 Ke6
36.e4 f6 37.g4 hxg4 38.Kxg4 g6 39.Kf4 b6 40.a3 a6 41.Kf3 Ke5 42.Ke3 a5 43.Kf3 Kd4
44.Kf4 a4 45.Kf3 Kc3 46.e5 fxe5 47.Ke4 Kb3 48.Kxe5 Kxa3  0-1

[Event "13th Festival A"]
[Site "Zupanja CRO"]
[Date "2007.01.07"]
[Round "7"]
[White "Sertic,Ru"]
[Black "Fercec,N"]
[Result "1/2-1/2"]
[WhiteElo "2346"]
[BlackElo "2501"]

1.d4 d5 2.c4 Nc6 3.Nf3 Bg4 4.Nc3 e6 5.Bg5 Qd7 6.cxd5 exd5 7.e3 f6 8.Bf4 O-O-O
9.a3 Kb8 10.Rc1 g5 11.Bg3 Bd6 12.Bb5 Nge7 13.Bxd6 Qxd6 14.Na4 b6 15.Be2 Bc8
16.Nc3 h5 17.b4 h4 18.Nd2 Rdg8 19.Nb3 g4 20.Qd3 g3 21.Nc5 h3 22.hxg3 hxg2
23.Rg1 Rh1 24.Kd2 Rxg1 25.Rxg1 bxc5 26.bxc5 Qd7 27.Qb5+ Ka8 28.Qa4 Nb8 29.Qa5 Nec6
30.Qa4 Ne7 31.Qa5 Nec6 32.Qa4 Ne7  1/2-1/2

[Event "TCh-BEL 2006-7"]
[Site "Belgium BEL"]
[Date "2007.01.14"]
[Round "6"]
[White "Dambacher,M"]
[Black "Renette,H"]
[Result "1-0"]
[WhiteElo "2437"]
[BlackElo "2241"]

1.d4 d5 2.c4 Nc6 3.e3 e5 4.cxd5 Qxd5 5.Nc3 Bb4 6.Bd2 Bxc3 7.bxc3 Nf6 8.Ne2 O-O
9.c4 Qd6 10.d5 Nb8 11.Nc3 Bf5 12.f3 e4 13.g4 Bg6 14.f4 h5 15.g5 Ne8 16.Qb1 Na6
17.Qxb7 Rb8 18.Qxa7 Rb6 19.Na4 Nc5 20.Nxb6 cxb6 21.Rb1 Nd3+ 22.Bxd3 exd3
23.Bb4  1-0

[Event "ch-GER"]
[Site "Koenigshofen GER"]
[Date "2007.01.23"]
[Round "5"]
[White "Lorscheid,G"]
[Black "Hamann,C"]
[Result "1-0"]
[WhiteElo "2285"]
[BlackElo "2218"]

1.d4 d5 2.c4 Nc6 3.cxd5 Qxd5 4.e3 e5 5.Nc3 Bb4 6.Bd2 Bxc3 7.bxc3 Nf6 8.c4 Qd6
9.d5 Ne7 10.Qa4+ Nd7 11.Bb4 Qf6 12.Qa3 b6 13.Nf3 a5 14.Bc3 O-O 15.Rd1 Ng6
16.Bd3 Re8 17.O-O Ba6 18.Qb2 Qd6 19.Nd2 Nc5 20.Bc2 f6 21.Qb1 Nf8 22.f3 Rab8
23.a4 Qd7 24.Qa2 Rbd8 25.Bb2 Qf7 26.Ba3 Nfd7 27.e4 Kh8 28.Nb1 Nb7 29.Nc3 Ndc5
30.Nb5 Nd6 31.Bxc5 bxc5 32.Bd3 Ra8 33.Qa3 Nb7 34.Rf2 Qe7 35.Bf1 Reb8 36.g3 Nd8
37.Rfd2 Rb6 38.Qc3 Nb7 39.Bg2 Nd6 40.Re1 Bc8 41.f4 Ba6 42.Rf2 Nf7 43.Bh3 exf4
44.gxf4 Bb7 45.e5 fxe5 46.fxe5 Rg6+ 47.Bg2 Nh6 48.h3 Kg8 49.Ref1 Re8 50.e6 Rd8
51.Qxa5 Qg5 52.Qxc7 Rxe6 53.dxe6 Bxg2 54.Rxg2 Qe3+ 55.Kh2 Ng4+ 56.Rxg4 Rd2+
57.Rg2  1-0

[Event "SDZ Open"]
[Site "Solin CRO"]
[Date "2007.01.28"]
[Round "9"]
[White "Knezevic,Ig"]
[Black "Marinic Kragic,M"]
[Result "1-0"]
[WhiteElo "2176"]
[BlackElo "2057"]

1.d4 d5 2.c4 Nc6 3.Nc3 e6 4.Nf3 Bb4 5.Bg5 Nge7 6.Rc1 f6 7.Bd2 Nf5 8.e3 Nd6
9.cxd5 Bxc3 10.dxc6 Bxd2+ 11.Nxd2 O-O 12.Bd3 Qe8 13.cxb7 Bxb7 14.Rxc7 Rc8
15.Rxc8 Qxc8 16.O-O Qc6 17.Qf3 Qxf3 18.Nxf3 Bxf3 19.gxf3 Rb8 20.b3 Rc8 21.Rd1 a5
22.Kf1 Kf7 23.Ke1 Ke7 24.Kd2 Kd7 25.Rc1 Rb8 26.Rc5 a4 27.Kc2 axb3+ 28.axb3 g5
29.Kb2 h5 30.h3 Rg8 31.Ra5 f5 32.Ra7+ Kc6 33.Ra6+ Kc7 34.Ra1 Kb6 35.Bc4 Rg6
36.Kc3 Nb5+ 37.Bxb5 Kxb5 38.b4 Rg8 39.Ra5+ Kb6 40.Re5 Rg6 41.d5  1-0

[Event "ch-UKR U20"]
[Site "Lviv UKR"]
[Date "2007.02.04"]
[Round "5"]
[White "Ipatov,A"]
[Black "Lots,S"]
[Result "1-0"]
[WhiteElo "2286"]
[BlackElo "2346"]

1.d4 d5 2.c4 Nc6 3.cxd5 Qxd5 4.e3 e5 5.Nc3 Bb4 6.a3 Bxc3+ 7.bxc3 Nf6 8.c4 Qd6
9.d5 Nb8 10.a4 Nbd7 11.Ba3 Nc5 12.Ne2 Bg4 13.f3 Bd7 14.Nc3 O-O 15.Be2 Rfe8
16.O-O a5 17.Rb1 b6 18.e4 Rad8 19.Qc1 Bc8 20.Qe3 Ba6 21.Nb5 Bxb5 22.Bxc5 bxc5
23.Rxb5 Nd7 24.Rfb1 Ra8 25.g3 Reb8 26.Bf1 Rxb5 27.Rxb5 c6 28.Rb7 cxd5 29.cxd5 Rb8
30.Qb3 g6 31.Rxd7 c4 32.Qb5  1-0

[Event "2nd GM"]
[Site "Soller ESP"]
[Date "2007.02.10"]
[Round "8"]
[White "Salgado Lopez,I"]
[Black "Llaneza Vega,M"]
[Result "0-1"]
[WhiteElo "2422"]
[BlackElo "2427"]

1.d4 d5 2.c4 Nc6 3.cxd5 Qxd5 4.e3 e5 5.Nc3 Bb4 6.Bd2 Bxc3 7.Bxc3 exd4 8.Ne2 Nf6
9.Nxd4 O-O 10.Qb3 Nxd4 11.Bxd4 Qxb3 12.axb3 Nd5 13.Rc1 Rd8 14.Bc4 Be6 15.O-O Rd7
16.Rfd1 a6 17.h4 Rad8 18.Be5 f6 19.Bg3 Kf7 20.Rd2 Nb4 21.Rxd7+ Rxd7 22.Bxe6+ Kxe6
23.Rxc7 Rxc7 24.Bxc7 Nd3 25.Kf1 Nc5 26.g4 Nxb3 27.Ke2 Kd5 28.h5 Nc5 29.Bd8 Nd7
30.f3 g6 31.e4+ Ke6 32.f4 gxh5 33.f5+ Kf7 34.g5 Ke8 35.Ba5 fxg5 36.Bc3 g4
37.Be1 Ne5 38.Bc3 Nd7 39.Be1 Ne5 40.Bc3 Nf3 41.Kf2 h4 42.e5 Ng5 43.Be1 h3
44.Kg3 h5 45.e6 h4+ 46.Kf2 g3+ 47.Kf1 h2 48.Kg2 h3+  0-1

[Event "Masters"]
[Site "Bunratty IRL"]
[Date "2007.02.24"]
[Round "2"]
[White "Mendelson,A"]
[Black "Quinn,R"]
[Result "0-1"]
[WhiteElo "2108"]
[BlackElo "2044"]

1.d4 d5 2.c4 Nc6 3.Nf3 Bg4 4.cxd5 Bxf3 5.gxf3 Qxd5 6.e3 e6 7.Nc3 Qh5 8.Bd2 Nf6
9.Rc1 Bb4 10.Be2 Qh3 11.f4 O-O 12.Bf3 Rfd8 13.Qe2 a5 14.Rg1 a4 15.Rg3 Qxh2
16.Qf1 Qh6 17.Qg2 a3 18.b3 Bxc3 19.Bxc3 Nd5 20.Ba1 g6 21.f5 Nxe3 22.fxe3 Qxe3+
23.Kd1 Nxd4 24.Bd5 Nxf5 25.Rc3 Qe5 26.Rgd3 Rxd5 27.Rxd5 exd5  0-1

[Event "Masters"]
[Site "Bunratty IRL"]
[Date "2007.02.24"]
[Round "2"]
[White "Fedorowicz,J"]
[Black "McPhillips,K"]
[Result "1-0"]
[WhiteElo "2469"]
[BlackElo "2185"]

1.d4 d5 2.c4 Nc6 3.Nf3 Bg4 4.Nc3 e6 5.Bf4 Nf6 6.e3 Bb4 7.a3 Bxc3+ 8.bxc3 O-O
9.Bg5 h6 10.Bh4 Na5 11.cxd5 Qxd5 12.Bxf6 gxf6 13.Be2 c5 14.O-O c4 15.Nd2 Bxe2
16.Qxe2 b5 17.e4 Qg5 18.f4 Qg7 19.Rf3 Kh8 20.Rg3 Qh7 21.Qh5 Rg8 22.Qxb5  1-0

[Event "Interclubes Paulista"]
[Site "Sao Paulo BRA"]
[Date "2007.02.25"]
[Round "2"]
[White "De Souza,M"]
[Black "Terao,R"]
[Result "1-0"]
[WhiteElo "2335"]
[BlackElo "2207"]

1.d4 d5 2.c4 Nc6 3.Nf3 Bg4 4.Nc3 e6 5.Bg5 Be7 6.Bxe7 Ngxe7 7.e3 O-O 8.cxd5 Nxd5
9.Be2 Qe7 10.O-O Rad8 11.Qb3 Qb4 12.Qxb4 Ncxb4 13.Ne4 e5 14.dxe5 Nc6 15.Rfd1 Nxe5
16.Nc5 Bxf3 17.gxf3 b6 18.Nb7 Rd7 19.f4 c6 20.Na5 bxa5 21.fxe5 Rb7 22.Rd2 Re8
23.Rc1 Rb6 24.Bc4 g5 25.Bxd5 cxd5 26.Rc5 a4 27.Rcxd5 Reb8 28.Ra5 Rxb2 29.Rxb2 Rxb2
30.Rxa4 Rb7 31.Kg2 Kg7 32.Ra6 Rb5 33.f4 Rb2+ 34.Kg3 Re2 35.Kf3 Rxh2 36.Rxa7 Kg6
37.Ra6+ Kh5 38.Rf6 g4+ 39.Ke4 Rxa2 40.Rxf7 Kg6 41.Rf6+ Kg7 42.Rb6 h5 43.f5 g3
44.Rg6+  1-0